| 000 | 01662cam a22005054i 4500 | ||
|---|---|---|---|
| 003 | PE-LiUPU | ||
| 005 | 20250731165615.0 | ||
| 008 | 141022s1999 pe a r 000 0 spa d | ||
| 020 | _a8476307470 | ||
| 040 |
_aPE-LiUPU _bspa _cPE-LiUPU _dPE-LiUPU _erda |
||
| 041 |
_aspa _heng |
||
| 082 | 0 | 4 |
_a749.03 _bE56 _223 |
| 245 | 0 | 0 |
_aEnciclopedia del mueble / _cEditorial LIBSA; traducción Blanca del Cerro. |
| 264 | 1 |
_aMadrid : _bLIBSA, _c1999. |
|
| 300 |
_a448 páginas : _bilustraciones ; _c29 cm. |
||
| 505 | 0 | _aAntes de 1600 -- De 1600 a 1700 -- De 1700 a 1800 -- De 1800 a 1900 -- De 1900 a 1999 -- Cronología -- Diagramas explicativos. | |
| 526 | _aSEG44 | ||
| 526 | _aSEG26 | ||
| 526 | _aP151 | ||
| 526 | _aP150 | ||
| 526 | _aP149 | ||
| 526 | _aP146 | ||
| 526 | _aP145 | ||
| 526 | _aP126 | ||
| 526 | _aP125 | ||
| 526 | _aP92 | ||
| 526 | _aP75 | ||
| 526 | _aP74 | ||
| 526 | _aP27 | ||
| 526 | _aP15 | ||
| 534 |
_pTítulo original : _t An Encyclopedia of Furniture. |
||
| 650 | 1 | 4 |
_aMuebles _xEnciclopedias. |
| 650 | 1 | 4 |
_aMuebles _xHistoria _vEnciclopedias. |
| 700 |
_aCerro, Blanca del, _etraductora. _95013 |
||
| 710 |
_aEditorial LIBSA _eentidad editora. _95010 |
||
| 910 | _agl | ||
| 942 |
_2ddc _cBK |
||
| 949 |
_a749.03 _i67495 _lCCODEBUL1 _mBUL _tLIBRO _o.STAFF. Colección General |
||
| 949 |
_a749.03 _i70646 _lCCODEBUL1 _mBUL _tLIBRO _o.STAFF. Colección General |
||
| 980 |
_81 _gALBERTO SANCHEZ Responsable de Automatización |
||
| 999 |
_c55087 _d55087 |
||